000 01036nam a22002897a 4500
001 5739
003 FISKH
005 20250117095052.0
008 250117b cb ||||| |||| 00| 0 eng d
020 _a9780531208281
040 _aFISKH
_beng
_cFISKH
_dFISKH
050 _aGV875.C58
082 _a796.357
100 _aElish, Dan
245 _aThe black sox scandal of 1919 /
_cby Dan Elish
260 _aNew York :
_bChildren's Press ;
_c2008 .
300 _a48 pages :
_bcolor illustrations : maps ;
_c25 cm .
490 _aCornerstones of Freedom
_vSecond Series
505 _aX
520 _aDescribes the events leading up to the 1919 World Series and how eight members of the Chicago White Sox were accused of deliberatly losing the game.
521 8 _a890
_bLexile
521 8 _aX
_bRaz-Plus
650 _aChicago- white- sox( baseball team )- history
_vJuvenile literature
650 _aBaseball- Corrupt practices- United States -History
_vJuvenile literature
942 _2ddc
_cBK
_n0
999 _c5739
_d5739